Child servival under threat : (Record no. 122717)

MARC details
000 -LEADER
fixed length control field 00779nam a22002417a 4500
005 - DATE AND TIME OF LATEST TRANSACTION
control field 20170124105914.0
010 ## - LIBRARY OF CONGRESS CONTROL NUMBER
LC control number A-716374
020 ## - INTERNATIONAL STANDARD BOOK NUMBER
Terms of availability 00
International Standard Book Number 8170188210
035 ## - SYSTEM CONTROL NUMBER
System control number A-716374
037 ## - SOURCE OF ACQUISITION
Source of stock number/acquisition Cen Lib/Ret
040 ## - CATALOGING SOURCE
Original cataloging agency DPL
Language of cataloging EN
082 ## - DEWEY DECIMAL CLASSIFICATION NUMBER
Classification number 304.64
Item number AZU
100 ## - MAIN ENTRY--PERSONAL NAME
Personal name Azuh, Dominic E.
9 (RLIN) 1887
245 ## - TITLE STATEMENT
Title Child servival under threat :
Statement of responsibility, etc by Dominic E. Azuh
Remainder of title a cross sectional study in india /
246 ## - VARYING FORM OF TITLE
Remainder of title
260 ## - PUBLICATION, DISTRIBUTION, ETC. (IMPRINT)
Name of publisher, distributor, etc B. R. Publishing Corporation
Date of publication, distribution, etc 1994
Place of publication, distribution, etc New Delhi
270 ## - ADDRESS
City New Delhi
Address 1, Ansari Road Dariya Ganj
Postal code 110002
300 ## - PHYSICAL DESCRIPTION
Extent xxx, 165p.:
Dimensions 20cm(Hb)
Other physical details ill.
500 ## - GENERAL NOTE
General note includes bibliographical references and index
650 ## - SUBJECT ADDED ENTRY--TOPICAL TERM
Topical term or geographic name as entry element Child Moralities
9 (RLIN) 1888
650 ## - SUBJECT ADDED ENTRY--TOPICAL TERM
Topical term or geographic name as entry element Ecological Factors
9 (RLIN) 1889
942 ## - ADDED ENTRY ELEMENTS (KOHA)
Source of classification or shelving scheme Dewey Decimal Classification
Koha item type English Books
Classification part 304.64
Call number suffix AZU
Holdings
Withdrawn status Lost status Damaged status Not for loan Collection code Home library Current library Date acquired Source of acquisition Cost, normal purchase price Total Checkouts Full call number Barcode Date last seen Copy number Cost, replacement price Price effective from Koha item type
      Not For Loan Reference Central Library Central Library 29/05/2015 Cen Lib/Ret 0.00   304.64 AZU A-716374 29/05/2015 1 0.00 29/05/2015 English Books

© Delhi Public Library
Hit Counter
free hit counter